An Introduction to Mapwork and Practical Geography / (Record no. 3974)
[ view plain ]
| 000 -LEADER | |
|---|---|
| fixed length control field | 00703nam a2200265 a 4500 |
| 001 - CONTROL NUMBER | |
| JCCL Control Number | 3974 |
| 003 - CONTROL NUMBER IDENTIFIER | |
| JCCL marc code | BD-JhCC |
| 005 - DATE AND TIME OF LATEST TRANSACTION | |
| control field | 20171122130616.0 |
| 008 - FIXED-LENGTH DATA ELEMENTS--GENERAL INFORMATION | |
| fixed length control field | 171118s1934 uk |||| |||| 000 0 eng d |
| 035 ## - SYSTEM CONTROL NUMBER | |
| system control number | (BD-JhCC) |
| 040 ## - CATALOGING SOURCE | |
| Original cataloging agency | BD-JhCC |
| Modifying agency | BD-JhCC |
| 041 ## - LANGUAGE CODE | |
| Language code of Book | eng |
| 082 ## - DEWEY DECIMAL CLASSIFICATION NUMBER | |
| Classification number | 526.8 |
| Author mark and Year | BYG 1934 |
| 100 ## - MAIN ENTRY--PERSONAL NAME | |
| Personal name | Bygott, Jhon |
| 245 ## - TITLE STATEMENT | |
| Title | An Introduction to Mapwork and Practical Geography / |
| Statement of responsibility, etc | Jhon Bygott; D C Money (Ed.) |
| 250 ## - EDITION STATEMENT | |
| Edition statement | 9th ed. |
| 260 ## - PUBLICATION, DISTRIBUTION, ETC. (IMPRINT) | |
| Place of publication, distribution, etc | London : |
| Name of publisher, distributor, etc | University tutorial press ltd, |
| Date of publication, distribution, etc | 1934 |
| 300 ## - PHYSICAL DESCRIPTION | |
| Pagination | 264 p.; |
| Dimensions | 22 cm |
| 650 ## - SUBJECT ADDED ENTRY--TOPICAL TERM | |
| Topical term or geographic name as entry element | Cartography |
| General subdivision | Study and teaching |
| 650 ## - SUBJECT ADDED ENTRY--TOPICAL TERM | |
| Topical term or geographic name as entry element | Geography |
| 650 ## - SUBJECT ADDED ENTRY--TOPICAL TERM | |
| Topical term or geographic name as entry element | Maps |
| 650 ## - SUBJECT ADDED ENTRY--TOPICAL TERM | |
| Topical term or geographic name as entry element | Map drawing |
| 700 ## - ADDED ENTRY--PERSONAL NAME | |
| Personal name | Money, D C |
| 942 ## - ADDED ENTRY ELEMENTS (KOHA) | |
| Source of classification or shelving scheme | Dewey Decimal Classification |
| Koha item type | Books |
| Source of classification or shelving scheme | Damaged status | Not for loan | Home library | Current library | Shelving location | Date of accession | Cost, normal purchase price | Total Checkouts | Full call number | Barcode | Date last seen | Copy number | Koha item type |
|---|---|---|---|---|---|---|---|---|---|---|---|---|---|
| Dewey Decimal Classification | JCC Rouf Library | JCC Rouf Library | General Stacks | 11/20/2017 | 15.20 | 526.8 BYG 1934 | 5901 | 11/20/2017 | C-1 | Books | |||
| Dewey Decimal Classification | JCC Rouf Library | JCC Rouf Library | General Stacks | 11/20/2017 | 15.20 | 526.8 BYG 1934 | 5900 | 11/20/2017 | C-2 | Books | |||
| Dewey Decimal Classification | JCC Rouf Library | JCC Rouf Library | General Stacks | 11/20/2017 | 15.20 | 526.8 BYG 1934 | 5899 | 11/20/2017 | C-3 | Books | |||
| Dewey Decimal Classification | JCC Rouf Library | JCC Rouf Library | General Stacks | 11/20/2017 | 15.20 | 526.8 BYG 1934 | 5898 | 11/20/2017 | C-4 | Books | |||
| Dewey Decimal Classification | JCC Rouf Library | JCC Rouf Library | General Stacks | 11/20/2017 | 15.20 | 526.8 BYG 1934 | 5897 | 11/20/2017 | C-5 | Books | |||
| Dewey Decimal Classification | JCC Rouf Library | JCC Rouf Library | General Stacks | 11/20/2017 | 15.20 | 526.8 BYG 1934 | 5896 | 11/20/2017 | C-6 | Books | |||
| Dewey Decimal Classification | JCC Rouf Library | JCC Rouf Library | General Stacks | 11/20/2017 | 15.20 | 526.8 BYG 1934 | 5895 | 11/20/2017 | C-7 | Books | |||
| Dewey Decimal Classification | JCC Rouf Library | JCC Rouf Library | General Stacks | 11/20/2017 | 15.20 | 526.8 BYG 1934 | 5894 | 11/20/2017 | C-8 | Books | |||
| Dewey Decimal Classification | JCC Rouf Library | JCC Rouf Library | General Stacks | 11/20/2017 | 15.20 | 526.8 BYG 1934 | 5893 | 11/20/2017 | C-9 | Books | |||
| Dewey Decimal Classification | JCC Rouf Library | JCC Rouf Library | General Stacks | 11/27/2017 | 15.20 | 526.8 BYG 1934 | 6325 | 11/27/2017 | C-10 | Books |